000 00845nam a2200289Ia 4500
005 20260324134258.0
008 008 260324s9999 xx 000 0 eng d
020 _a9781315015644
037 _aEBOOK
040 _aCRL
040 _beng
040 _cCRL
041 _2eng
041 _aeng
084 _qCRL
100 _aArthur L. Hayward; Captain Charles Johnson
_91196227
245 2 _aA General History of the Robberies and Murders of the Most Notorious Pirates - from their first rise and settlement in the Island of Providence to the present year
245 0 _bPreviously published 1726 and 1927
260 _bTaylor and Francis
260 _c2002
365 _a
365 _b420
856 _uhttp://www.taylorfrancis.com/books/9781315015644
942 _cEBOOK
999 _c1796137
_d1796137